00500nam a2200181Ia 4500003000900000008004100009020001800050040001600068080001700084245007200101260003300173300001400206650001900220650001200239650002400251700002400275700001900299IN-BaIIA211028s9999 xx 000 0 eng d a0-12-184803-5 cIIA Library a530.1bESS-3 0aEssays in physicsbvol. 3cedited by G. K. T. Conn and G. N. Fowler aLondonbAcademic Pressc1971 aix, 169p. aNASA thesaurus aPhysics aTheoretical physics aConn, G. K. T., ed. aFolwler, G. N.